| 000 | 00365nam a2200133Ia 4500 | ||
|---|---|---|---|
| 005 | 20251222141953.0 | ||
| 008 | 251222s9999||||xx |||||||||||||| ||spa|| | ||
| 020 | _a9972-42-402.2 | ||
| 082 | _a551.470.8/H87 | ||
| 100 | _aHuertas Vallejos, Lorenzo | ||
| 245 | 0 | _aDiluvios Andinos a través de las Fuentes Documentales | |
| 264 | _bFondo Editorial PUCP | ||
| 942 | _cLIB | ||
| 999 |
_c9736 _d9736 |
||